02208nas a22002177a 450000500170000000700120001700800410002902200140007004000090008408200160009324500960010926000380020530000160024331000150025936500160027450015020029065001350179265100100192765500140193785600390195120200521140207.0cz aa aaaaa200428c f||poo|||| 00| 0 eng d a2664-7273 coclc a796bJOU/PE aInternational Journal of Physiology, Health and Physical Educationhe-Journal (Open Access) bPrime PublicationsaDelhi, India  aPDF(online) aSemiannual eOpen Access anternational Journal of Physiology, Health and Physical Education aims to publish high quality papers in field of Adapted Physical Activity, Aerobic Exercise, Biophysical Investigation of Sports Performance, Combat Sports and Martial Arts, Design of sports Devices, Fitness-Tools Manufacturing Researches, Exercise Physiology, Games, Health Education, Individual Sports, Kinanthropometry, Kinesiology, Kinesiology, Market trends in sports, Military sports, Movement Science, Nutrition in Sports and Exercise, Philosophy of Sport, Physical Education, Physical Exercise and Health, Physical Fitness, Physiotherapy, Political Science of Sport, Sports Facilities, Sports History, Sports Information, Sports Medicine, Sports Therapy, Sports Injuries and Prevention (Spinal Injuries and Deformities, Rehabilitation, Arthoplasty, Arthritis, Autoimmune Connective Tissue Diseases & Disorders, Cartilage Regeneration, Musculoskeletal Physiotherapy, Injury Management, Foot & Ankle Disorders, Neuromotor Psychology, Neurorehabilitation Techniques, Orthopedics and Osteopathy, Muscle Hypertrophy), Sports Management, Sports Pedagogy, Sports Biomechanics, Sports Business & Sports Development, Sports in public/private sector, Sports Law, Sports Management, Sports Nutrition, Sports Psychology, Sports Science, Sports Sociology, Sports Statistics, Sports Tourism, Sports Training, Strength and Conditioning, Stress Management, Training and Judgements, Trekking & Bouldering, and Meditation & Yogic Psychology. 0aPhysical Education and SportsbArts & recreationvRecreational & performing artxAthletic & outdoor sports & games 0aIndia 0ae-Journal uhttp://www.physiologyjournals.com/